| 000 | 01407nam0a2200313 4500 | ||
|---|---|---|---|
| 001 | RU\NLR\ONL2\29093 | ||
| 005 | 20250613224949.0 | ||
| 010 |
_a978-5-298-02469-3 _97000 |
||
| 035 | _a(NLR Aleph) 010216046 | ||
| 090 |
_a10298124 _c10298124 |
||
| 100 | _a20040623d2013 |||y0rusy50 ca | ||
| 101 | 0 | _atat | |
| 102 | _aRU | ||
| 105 | _aa ||||||||| | ||
| 200 | 1 |
_aУку китабы _eрус телендә башл. гомуми белем биру мәкт. 3 нче с-фы өчен д-лек _e(татар балалары өчен) _fР. Х. Ягъфәрова |
|
| 210 |
_aКазан _cТатар. кит. нәшр. _d2013 |
||
| 215 |
_a127 б. _cил. _d26 |
||
| 541 | 1 |
_aКнига для чтения _eучеб. для 3 кл. нач. общеобразоват. шк. с рус. яз. обучения _e(для учащихся-татар). _zrus |
|
| 606 | 0 |
_aТатарский язык _jХрестоматии для начальной школы _91481084 _3RU\NLR\auth\66630778 |
|
| 686 | 1 | _aШ163.23-93рус21[3] | |
| 700 | 1 |
_aЯгъфәрова _bР. Х. _gРәдинә Хәким кызы _4070 |
|
| 790 | 1 |
_aЯгафарова _bР. Х. _gРадина Хакимовна _4070 |
|
| 801 | 0 |
_aRU _bNLR _c20131125 _gPSBO |
|
| 852 |
_aNLR _bОНЛ _jТатар./4-1401 |
||
| 942 | _cBOOK | ||
| 980 | _aNB | ||
| 980 | _aONL_RF | ||